| Tag |
First Indicator |
Second Indicator |
Subfields |
| LEADER |
00000cam a2200000 a 4500 |
| 001 |
in00000008188 |
| 005 |
20151002080007.0 |
| 008 |
860613s1987 maua b 00100 eng |
| 010 |
|
|
|a 86015350
|
| 020 |
|
|
|a 0898381800
|
| 035 |
|
|
|a (OCoLC)13821117
|
| 035 |
|
|
|9 AAA0554AM
|
| 040 |
|
|
|a DLC
|c DLC
|d UtOrBLW
|
| 043 |
|
|
|a n------
|a a-ja---
|
| 050 |
0 |
0 |
|a HD5722
|b .L33 1987
|
| 082 |
0 |
|
|a 331.12/099
|2 19
|
| 245 |
0 |
0 |
|a Labor market adjustments in the Pacific basin /
|c edited by Peter T. Chinloy and Ernst W. Stromsdorfer.
|
| 264 |
|
1 |
|a Boston :
|b Kluwer-Nijhoff ;
|c [1987]
|
| 264 |
|
2 |
|a Norwell, MA, USA :
|b Distributors for the U.S. and Canada, Kluwer Academic,
|
| 264 |
|
4 |
|c ©1987
|
| 300 |
|
|
|a ix, 270 pages :
|b illustrations ;
|c 24 cm.
|
| 336 |
|
|
|a text
|b txt
|2 rdacontent
|
| 337 |
|
|
|a unmediated
|b n
|2 rdamedia
|
| 338 |
|
|
|a volume
|b nc
|2 rdacarrier
|
| 504 |
|
|
|a Includes bibliographies and index.
|
| 505 |
0 |
|
|a Introduction / Peter T. Chinloy and Ernst W. Stromsdorfer -- A comparison of labor market equilibria under different institutional organizations / Nicholas H. Kiefer -- Wage flexibility in the United States and Japan / Masanori Hashimoto and John Raisian -- The impact of international trade shocks on wage adjustments in Canada / Jean-Michel Cousineau -- Japanese redundancy / Kazuo Koike -- The impact of Mexican migration on the United States and Mexican economies and labor markets / Juan Diez-Canedo Ruiz -- Wage and employment adjustments and the efficiency wage hypothesis / Isao Ohashi -- The collective impact of sectoral shocks on aggregate employment fluctuations / Joseph G. Altonji and John C. Ham -- Job security versus income security / G.C. Archibald and Peter T. Chinloy -- Compensating displaced workers / Daniel S. Hamermesh, Joseph J. Cordes and Robert S. Goldfarb.
|
| 650 |
|
0 |
|a Labor supply
|z Pacific Coast (North America)
|
| 650 |
|
0 |
|a Labor supply
|z Japan.
|
| 650 |
|
0 |
|a Foreign trade and employment
|z Pacific Coast (North America)
|
| 650 |
|
0 |
|a Foreign trade and employment
|z Japan.
|
| 700 |
1 |
|
|a Chinloy, Peter T.
|
| 700 |
1 |
|
|a Stromsdorfer, Ernst W.,
|d 1934-
|
| 999 |
|
|
|a MARS
|
| 999 |
f |
f |
|s 1899e530-015c-362e-8630-af7d8827d12d
|i 95d121e0-2210-33f3-824d-1e78fbc8359b
|t 0
|
| 952 |
f |
f |
|p ric
|a Texas A&M University
|b Rellis Campus
|c Joint Library Facility
|d Remote Storage
|t 0
|e HD5722 .L33 1987
|h Library of Congress classification
|i unmediated -- volume
|m A14810754705
|
| 998 |
f |
f |
|a HD5722 .L33 1987
|t 0
|l Remote Storage
|